000 00432pab a2200169 454500
008 180718b2014 xxu||||| |||| 00| 0 eng d
100 _aColeman, Eric A.
245 _aProperty rights and forest commons
260 _c2014
300 _ap.647-668.
362 _aSummer
650 _aRight to property
700 _aLiebertz, Scott S.
773 _aJournal of Policy Analysis and Management
908 _aN
909 _a105091
999 _c105086
_d105086